[Event "KS Sommerskak op"]
[Site "Copenhagen"]
[Date "1997.??.??"]
[Round "?"]
[White "Danielsen, Henrik"]
[Black "Carlsson, Daniel"]
[Result "1-0"]
[WhiteElo "2490"]
[BlackElo "2240"]

1.d4 Nf6 2.c4 g6 3.Nf3 Bg7 4.g3 O-O 5.Bg2 d6 6.Nc3 c6 7.O-O Qa5 8.e4 Bg4
9.h3 Bxf3 10.Qxf3 e5 11.d5 cxd5 12.cxd5 Rc8 13.Bd2 Nbd7 14.Rfc1 h5 15.h4 Qb4
16.b3 a6 17.Rc2 Ng4 18.Rac1 Bh6 19.Bxh6 Nxh6 20.Bh3 Rc7 21.Qe3 Kg7 22.Na4 Rxc2
23.Rxc2 Ng4 24.Bxg4 hxg4 25.Rc7 Nf6 26.Nb6 Rd8 27.Nc4 Ne8 28.a3 Qb5 29.Re7 Kf8
30.Qg5 Rc8 31.Rxe8+ Rxe8 32.Nxd6 Qxb3 33.Qf6 Qd1+ 34.Kh2 Qf3 35.Nxe8 Kxe8
36.Qxf3 gxf3 37.g4 b5 38.h5 gxh5 39.gxh5 a5 40.h6 Kf8 41.d6  1-0

[Event "Corsica rap op"]
[Site "Corsica"]
[Date "1997.??.??"]
[Round "7"]
[White "Dorfman, Josif D"]
[Black "Relange, Eloi"]
[Result "1/2-1/2"]
[WhiteElo "2600"]
[BlackElo "2505"]

1.d4 Nf6 2.c4 g6 3.Nf3 Bg7 4.g3 O-O 5.Bg2 d6 6.O-O Nbd7 7.Nc3 e5 8.h3 c6
9.e4 Qb6 10.Re1 exd4 11.Nxd4 Ne8 12.Nb3 a5 13.Na4 Qb4 14.Nd2 Nc5 15.Nxc5 Qxc5
16.Rb1 a4 17.Re2 f5 18.b4 axb3 19.axb3 Ra2 20.e5 dxe5 21.Ne4 Qa5 22.Bd2 Qd8
23.Nc3 Ra8 24.Na4 Qc7 25.Be3 Nf6 26.Bb6 Qd7 27.Rxe5 Qxd1+ 28.Rxd1 Rxa4 29.bxa4 Nd7
30.Rxd7 Bxe5 31.Re7 Bd6 32.Re1 f4 33.c5 Bb8  1/2-1/2

[Event "Costa Rica-ch"]
[Site "Costa Rica"]
[Date "1997.??.??"]
[Round "1"]
[White "Minero Pineda, Sergio"]
[Black "Vargas, Oliverio"]
[Result "1-0"]
[WhiteElo "2315"]
[BlackElo "2020"]

1.d4 Nf6 2.c4 g6 3.Nf3 Bg7 4.g3 d6 5.Bg2 O-O 6.Nc3 Nbd7 7.O-O c6 8.e4 e5
9.h3 Re8 10.Re1 Qb6 11.d5 cxd5 12.cxd5 Nc5 13.Qe2 Bd7 14.Be3 Rec8 15.Rab1 Qa6
16.Qxa6 Nxa6 17.Nd2 Nc5 18.Bf1 a6 19.Nc4 Rc7 20.Nxd6 b5 21.Bxc5 Rxc5 22.Nb7 Rc7
23.Na5 Rac8 24.Nb3 Ne8 25.a3 Nd6 26.f3 Nc4 27.d6 Nxd6 28.Nd5 Be6 29.Nxc7 Rxc7
30.Rbc1 Nc4 31.Na5 Bf8 32.Nxc4 bxc4 33.Kg2 Be7 34.Rc2 Rc8 35.h4 g5 36.h5 g4
37.fxg4 Bxg4 38.Rxc4 Rb8 39.Rc2 Bxh5 40.Bxa6 Bf6 41.Rc8+  1-0

[Event "Costa Rica-ch"]
[Site "Costa Rica"]
[Date "1997.??.??"]
[Round "3"]
[White "Minero, Boris P"]
[Black "Salas, Walter"]
[Result "1/2-1/2"]
[WhiteElo "2100"]
[BlackElo "2000"]

1.Nf3 Nf6 2.d4 g6 3.c4 Bg7 4.g3 d6 5.Bg2 O-O 6.O-O Nbd7 7.Nc3 e5 8.e4 Re8
9.h3 c6 10.Bg5 a5 11.Qd2 exd4 12.Nxd4 Qb6 13.Be3 Qc7 14.Rae1 Nc5 15.Bg5 Be6
16.b3 Qc8 17.Kh2 h5 18.f4 Nh7 19.f5 Nxg5 20.fxe6 Ncxe6 21.Nce2 Nxd4 22.Qxg5 Ne6
23.Qd2 Qc7 24.Nf4 h4 25.Nxe6 hxg3+ 26.Kxg3 Rxe6 27.Kh2  1/2-1/2

[Event "Costa Rica-ch"]
[Site "Costa Rica"]
[Date "1997.??.??"]
[Round "10"]
[White "Minero Pineda, Sergio"]
[Black "Melendez, Esteban"]
[Result "1-0"]
[WhiteElo "2315"]
[BlackElo "2020"]

1.d4 Nf6 2.c4 g6 3.Nf3 Bg7 4.g3 d6 5.Bg2 O-O 6.Nc3 Nbd7 7.O-O e5 8.e4 exd4
9.Nxd4 Re8 10.h3 a6 11.a4 Rb8 12.b3 Nf8 13.Be3 Ne6 14.Re1 Nxd4 15.Bxd4 c5
16.Be3 Nd7 17.Rc1 Ne5 18.Re2 Nc6 19.Rd2 Bd4 20.Bxd4 Nxd4 21.Ne2 Bxh3 22.Rxd4 cxd4
23.Bxh3 Rxe4 24.Bg2 Re5 25.Nxd4 Qe7 26.Nc2 Re8 27.Qf3 Qg5 28.Rd1 Re2 29.Ne3 Ra2
30.Rd2 Ra1+ 31.Bf1 h5 32.Rxd6 Rf8 33.Rb6 h4 34.Qf4  1-0

[Event "Costa Rica-ch"]
[Site "Costa Rica"]
[Date "1997.??.??"]
[Round "12"]
[White "Minero, Carlos"]
[Black "Salas, Walter"]
[Result "1/2-1/2"]
[WhiteElo "2060"]
[BlackElo "2000"]

1.d4 Nf6 2.c4 g6 3.g3 Bg7 4.Bg2 d6 5.Nf3 O-O 6.Nc3 Nbd7 7.h3 e5 8.Bg5 Re8
9.Qd2 c6 10.O-O Nb6 11.b3 e4 12.Nh2 d5 13.cxd5 cxd5 14.Rac1 a6 15.f3 Qd6
16.Bf4 Qb4 17.Nxe4 Qxd2 18.Nxd2 Nh5 19.e3 Nxf4 20.exf4 Bxd4+ 21.Kh1 Re2 22.Rfd1 Bg7
23.Bf1 Re7 24.Ng4 Bd7 25.Rc7 Rb8  1/2-1/2

[Event "Costa Rica-ch"]
[Site "Costa Rica"]
[Date "1997.??.??"]
[Round "15"]
[White "Minero, Boris P"]
[Black "Melendez, Esteban"]
[Result "1-0"]
[WhiteElo "2100"]
[BlackElo "2015"]

1.d4 Nf6 2.c4 g6 3.g3 Bg7 4.Bg2 d6 5.Nf3 O-O 6.O-O Nbd7 7.Nc3 e5 8.e4 exd4
9.Nxd4 Re8 10.h3 Nc5 11.Re1 a5 12.Rb1 c6 13.Bf4 Nh5 14.Be3 Nf6 15.Qc2 Nfd7
16.Rbd1 Qc7 17.Qd2 Ne5 18.Qe2 Ned7 19.Kh2 Nf8 20.Qd2 Rd8 21.Bg5 f6 22.Bf4 g5
23.Be3 Ng6 24.b3 Be6 25.f4 gxf4 26.gxf4 Bf7 27.Nf5 Bf8 28.Qf2 Ne6 29.Bb6 Qd7
30.Bxd8 Rxd8 31.Ne2 Qc7 32.Kh1 Ng7 33.Nh6+ Kh8 34.Nd4 Nh5 35.Nxf7+ Qxf7 36.f5 Ngf4
37.Bf3 Bh6 38.Ne6 Rg8 39.Bg4 Bg5 40.Rxd6  1-0

[Event "CZE-chT2 9697"]
[Site "CZE"]
[Date "1997.??.??"]
[Round "?"]
[White "Svoboda, Milos"]
[Black "Maskova, Jana"]
[Result "1-0"]
[WhiteElo "2275"]
[BlackElo "2240"]

1.d4 Nf6 2.c4 g6 3.g3 Bg7 4.Bg2 O-O 5.Nf3 d6 6.O-O c6 7.Nc3 Qa5 8.e4 Qh5
9.Qd3 e5 10.d5 Bg4 11.Nd2 Rd8 12.b4 Na6 13.Rb1 cxd5 14.cxd5 Rac8 15.Nc4 Nxe4
16.Bxe4 f5 17.f3 fxe4 18.Nxe4 Bf5 19.Be3 b6 20.Ncd2 Nc7 21.g4 Bxe4 22.Nxe4 Qh3
23.Bg5 Rf8 24.Rb3 Bh6 25.Nf2 Qxf3 26.Qxf3 Rxf3 27.Rxf3 Bxg5 28.Rc3 Bd2 29.Rc6 Bxb4
30.Ne4 b5 31.Rfc1 Ba5 32.g5 Kf8 33.Nxd6  1-0

[Event "CZE-chT1c 9697"]
[Site "CZE"]
[Date "1997.??.??"]
[Round "?"]
[White "Vejmelek, Milan"]
[Black "Brabec, Milan"]
[Result "1/2-1/2"]
[WhiteElo "2100"]
[BlackElo "2210"]

1.Nf3 Nf6 2.c4 g6 3.g3 Bg7 4.Bg2 d6 5.d4 O-O 6.O-O Nc6 7.Nc3 e5 8.d5 Ne7
9.e4 Nd7 10.Nh4 f5 11.exf5 Nxf5 12.Nxf5 Rxf5 13.Ne4  1/2-1/2

[Event "CZE-chT1c 9697"]
[Site "CZE"]
[Date "1997.??.??"]
[Round "?"]
[White "Soukal, Rudolf"]
[Black "Simek, Petr"]
[Result "0-1"]
[WhiteElo "2200"]
[BlackElo "2165"]

1.d4 Nf6 2.Nf3 g6 3.g3 Bg7 4.Bg2 O-O 5.c4 d6 6.O-O Nbd7 7.Nc3 e5 8.dxe5 dxe5
9.Qc2 c6 10.Rd1 Qe7 11.b3 Re8 12.a4 Nc5 13.b4 Bf5 14.Qb2 Na6 15.b5 Nc5 16.Nh4 Bd7
17.Qa3 Bf8 18.Be3 Rac8 19.Nf3 Bf5 20.Nd2 e4 21.Bxc5 Qxc5 22.Qxc5 Bxc5 23.g4 Nxg4
24.Ndxe4 Bxe4 25.Nxe4 Rxe4 26.Bxe4 Nxf2  0-1

[Event "CZE-chT1c 9697"]
[Site "CZE"]
[Date "1997.??.??"]
[Round "?"]
[White "Kratochvil, Milos"]
[Black "Stluka, Frantisek"]
[Result "1-0"]
[WhiteElo "2070"]
[BlackElo "2155"]

1.d4 Nf6 2.c4 g6 3.g3 Bg7 4.Bg2 O-O 5.Nf3 d6 6.O-O Na6 7.Nc3 c5 8.b3 Bd7
9.Bb2 Qc8 10.e4 cxd4 11.Nxd4 Bh3 12.Re1 Bxg2 13.Kxg2 Nd7 14.Nd5 Re8 15.Qd2 Nac5
16.Rad1 Ne6 17.f4 Nxd4 18.Bxd4 Bxd4 19.Qxd4 b6 20.Ne3 Nc5 21.f5 Qb7 22.Ng4 f6
23.b4 Nd7 24.fxg6 hxg6 25.Qe3 Kf7 26.Kg1 Rh8 27.Rd5 Rac8 28.Qe2 Kg7 29.Red1 Qc6
30.Rc1 Nf8 31.Ne3 Ne6 32.Qg4 Kf7 33.h4 Ng7 34.Rf1 Rc7 35.Qf4 a6 36.Rf2 b5
37.c5 Ne6 38.Qg4 dxc5 39.bxc5 Rd7 40.h5 g5 41.Rfd2 Rhd8 42.Qf5 Nf8 43.Rxd7 Rxd7
44.Rxd7 Qxd7 45.Qxd7 Nxd7 46.c6 Nb6 47.Nd5 Nc8 48.Kf2 e6 49.Nb4 a5 50.Nd3 e5
51.Kf3 Kg7 52.Kg4 Nd6 53.c7 b4 54.Nc5 Kh6 55.Nb7 Nc8 56.Nxa5 Na7 57.Nc6  1-0

[Event "MSS-ch"]
[Site "CZE"]
[Date "1997.??.??"]
[Round "?"]
[White "Volodin, Viktor"]
[Black "Sekanina, Jiri"]
[Result "0-1"]
[WhiteElo "2305"]
[BlackElo "2090"]

1.Nf3 Nf6 2.c4 g6 3.d4 Bg7 4.g3 O-O 5.Bg2 d6 6.O-O Nc6 7.Nc3 a6 8.b3 Rb8
9.e3 b5 10.Qe2 b4 11.Nd5 Nd7 12.Bb2 e6 13.Nf4 Ne7 14.Rad1 a5 15.Nd3 Ba6 16.e4 c6
17.Rfe1 d5 18.Nc5 Qc8 19.Nxa6 Qxa6 20.e5 Rbc8 21.c5 Qxe2 22.Rxe2 Ra8 23.Nh4 Nf5
24.Nf3 Rfb8 25.Nd2 Rb7 26.f4 h5 27.Nf3 Nb8 28.Kf2 Na6 29.h3 Nh6 30.Ne1 Nc7
31.Bf3 f5 32.exf6 Bxf6 33.Ng2 Rf8 34.g4 hxg4 35.hxg4 Bg7 36.Kg3 g5 37.fxg5 Nf7
38.Bc1 e5 39.g6 Nh8 40.dxe5 Nxg6 41.Ne3 Bxe5+ 42.Kf2 Nb5 43.Nf5 Nc3 44.Rh1 Nxe2
45.Kxe2 Nf4+ 46.Kd1 Rh7 47.Rh6 Rxh6 48.Nxh6+ Kg7 49.Nf5+ Kf6 50.Be3 Rh8 51.Nd4 Rh3
52.Bf2 Bxd4 53.Bxd4+ Kg5  0-1

[Event "MSS-ch"]
[Site "CZE"]
[Date "1997.??.??"]
[Round "?"]
[White "Volodin, Viktor"]
[Black "Strasil, Pavel"]
[Result "1-0"]
[WhiteElo "2305"]
[BlackElo "2120"]

1.Nf3 Nf6 2.c4 g6 3.d4 Bg7 4.g3 O-O 5.Bg2 d6 6.O-O c6 7.Nc3 Nbd7 8.e4 Qc7
9.h3 e5 10.Re1 b6 11.Be3 Bb7 12.Qc2 Rfe8 13.Rad1 Rad8 14.b4 Bf8 15.a3 c5
16.dxc5 dxc5 17.Nd5 Nxd5 18.cxd5 Qd6 19.b5 a5 20.Nd2 Qc7 21.Nc4 Bd6 22.Rf1 f6
23.Rde1 Rf8 24.Bh6 Rf7 25.h4 Bc8 26.Bh3 Nf8 27.Bxc8 Rxc8 28.Qe2 Nd7 29.Qg4 Bf8
30.Bxf8 Nxf8 31.Nd6 Qxd6 32.Qxc8 Qd7 33.Qc6 Qh3 34.Qxb6 g5 35.h5 f5 36.Re3 g4
37.Qh6 fxe4 38.Qg5+ Rg7 39.Qh4  1-0

[Event "CZE-chT1a 9697"]
[Site "CZE"]
[Date "1997.??.??"]
[Round "?"]
[White "Chochol, Libor"]
[Black "Herejk, Petr"]
[Result "0-1"]
[WhiteElo "2170"]
[BlackElo "2135"]

1.d4 Nf6 2.Nf3 g6 3.c4 Bg7 4.g3 O-O 5.Bg2 d6 6.O-O Nc6 7.Nc3 a6 8.Re1 Rb8
9.Rb1 e5 10.d5 Ne7 11.c5 Nd7 12.cxd6 cxd6 13.e4 h6 14.h3 b5 15.b4 Nb6 16.a4 Bd7
17.a5 Nc4 18.Nd2 Rc8 19.Rb3 f5 20.Nxc4 Rxc4 21.exf5 Nxf5 22.Ne4 Qc7 23.Nd2 Rc3
24.Bb2 Rxb3 25.Qxb3 Nd4 26.Bxd4 exd4 27.g4 Qc3 28.Qxc3 dxc3 29.Nb3 Re8 30.Kf1 Kf7
31.Be4 Rc8 32.Bc2 Rc4 33.Re4 Kf6 34.Rxc4 bxc4 35.Nd4 Ke5 36.Ne2 Kxd5 37.Nf4+ Kd4
38.Nxg6 Bc6 39.Nf4 Be4 40.Ne2+ Kd5 41.Bxe4+ Kxe4 42.b5 c2 43.bxa6 Bd4 44.Kg2 Bc5
45.f4 d5 46.f5 Ke5  0-1

[Event "CZE-chT 9697"]
[Site "CZE"]
[Date "1997.??.??"]
[Round "1"]
[White "Tibensky, Robert"]
[Black "Michalek, Jan"]
[Result "1-0"]
[WhiteElo "2445"]
[BlackElo "2275"]

1.d4 Nf6 2.c4 g6 3.Nf3 Bg7 4.g3 O-O 5.Bg2 d6 6.O-O Nbd7 7.Nc3 e5 8.e4 exd4
9.Nxd4 Re8 10.h3 Nc5 11.Re1 h6 12.Qc2 a5 13.Be3 Bd7 14.Rad1 Qc8 15.g4 Nh7
16.b3 h5 17.f3 hxg4 18.hxg4 Qd8 19.Nd5 c6 20.Nc3 Qc7 21.Qf2 a4 22.b4 Ne6
23.Nce2 c5 24.bxc5 dxc5 25.Nxe6 Bxe6 26.Rc1 b6 27.g5 a3 28.Bf1 Bb2 29.Rc2 Nf8
30.Nc3 Nd7 31.f4 f5 32.e5 Bxc3 33.Rxc3 Nf8 34.Bg2 Ra4 35.Bd5 Rd8 36.Rd1 Rb4
37.Rcd3 Rb2 38.Qh4 Bxd5 39.cxd5 Rxa2 40.e6 c4 41.Bd4 Nh7 42.Re3  1-0

[Event "CZE-chT 9697"]
[Site "CZE"]
[Date "1997.??.??"]
[Round "3"]
[White "Mozny, Milos"]
[Black "Hausner, Ivan"]
[Result "1/2-1/2"]
[WhiteElo "2405"]
[BlackElo "2410"]

1.d4 Nf6 2.Nf3 g6 3.c4 Bg7 4.g3 O-O 5.Bg2 d6 6.O-O Nbd7 7.Nc3 e5 8.e4 exd4
9.Nxd4 Re8 10.Re1 Nc5 11.h3 a5 12.Qc2 a4 13.Bf4 Nfd7 14.Rad1  1/2-1/2

[Event "CZE-chT 9697"]
[Site "CZE"]
[Date "1997.??.??"]
[Round "3"]
[White "Konopka, Michal"]
[Black "Pisk, Petr"]
[Result "0-1"]
[WhiteElo "2415"]
[BlackElo "2305"]

1.d4 Nf6 2.Nf3 g6 3.g3 Bg7 4.Bg2 O-O 5.c4 d6 6.O-O Nc6 7.Nc3 a6 8.b3 Rb8
9.e3 b5 10.Nd2 Bd7 11.Bb2 e5 12.d5 Ne7 13.Qe2 Nf5 14.Rfd1 h5 15.Rac1 h4 16.c5 Ne8
17.b4 Qg5 18.Nf3 Qg4 19.e4 Nd4 20.Nxd4 exd4 21.f3 Qh5 22.g4 Qh6 23.Nb1 h3
24.Bh1 f5 25.Qd2 fxe4 26.Bxd4 Bxd4+ 27.Qxd4 exf3 28.Rc2 Rf4 29.Qd2 f2+ 30.Kf1 Bxg4
31.Rdc1 Nf6 32.cxd6 cxd6 33.Rc7 Re8 34.Nc3 Qg5  0-1

[Event "CZE-chT 9697"]
[Site "CZE"]
[Date "1997.??.??"]
[Round "3"]
[White "Bretsnajdr, Vladimir"]
[Black "Mrva, Martin"]
[Result "1-0"]
[WhiteElo "2290"]
[BlackElo "2410"]

1.d4 Nf6 2.Nf3 g6 3.g3 Bg7 4.Bg2 O-O 5.c4 d6 6.O-O Bg4 7.Nc3 Qc8 8.Re1 Re8
9.e4 e5 10.d5 Na6 11.a3 h6 12.b4 Nh7 13.Qc2 c5 14.dxc6 bxc6 15.Be3 Nc7 16.Nd2 Ng5
17.f3 Be6 18.Rac1 Qd7 19.Qd3 Nh3+ 20.Kh1 h5 21.Rf1 g5 22.b5 cxb5 23.cxb5 h4
24.Bxh3 Bxh3 25.Rg1 f5 26.Bxg5 hxg3 27.Rxg3 f4 28.Rgg1 Kh8 29.a4 Ne6 30.Nd5 Qf7
31.Nc4 Nxg5 32.Rxg5 Re6 33.b6 Bh6 34.Rgg1 Rb8 35.a5 axb6 36.Ncxb6 Bf8 37.a6 Rh6
38.Qc3 Be6 39.Rc2 Rh7 40.Rcg2 Qa7 41.Nxf4 Bf7 42.Rg8+  1-0

[Event "CZE-chT2 9798"]
[Site "CZE"]
[Date "1997.??.??"]
[Round "3.4"]
[White "Vorisek, Jaroslav"]
[Black "Muron, Miroslav"]
[Result "1-0"]
[WhiteElo "2230"]
[BlackElo "2190"]

1.d4 Nf6 2.c4 g6 3.Nf3 Bg7 4.g3 O-O 5.Bg2 d6 6.O-O Nc6 7.d5 Na5 8.Nfd2 c5
9.Nc3 a6 10.Qc2 Rb8 11.b3 b5 12.Bb2 e6 13.Rab1 bxc4 14.bxc4 Ng4 15.h3 Ne5
16.Nd1 Rb4 17.a3 Rxc4 18.Nxc4 Naxc4 19.f4 Nxb2 20.Nxb2 Nd7 21.Nc4 Qe7 22.e4 exd5
23.exd5 Bd4+ 24.Kh2 Re8 25.Qd2 Nf6 26.Rfe1 Qc7 27.Rb6 Rxe1 28.Qxe1 Bb7 29.Rxd6 Kg7
30.Qb1 Qe7 31.Rxf6 Kxf6 32.d6 Qe2 33.Qxb7 Qxc4 34.d7 Bg1+ 35.Kxg1 Qd4+ 36.Kh2 Ke7
37.Qc7  1-0

[Event "CZE-chT 9697"]
[Site "CZE"]
[Date "1997.??.??"]
[Round "7"]
[White "Stohl, Igor"]
[Black "Rasik, Vitezslav"]
[Result "1/2-1/2"]
[WhiteElo "2580"]
[BlackElo "2455"]

1.c4 g6 2.d4 Bg7 3.Nf3 Nf6 4.g3 O-O 5.Bg2 d6 6.Nc3 Nc6 7.O-O e5 8.d5 Ne7
9.e4 Nd7 10.Ne1 f5 11.Nd3 h6 12.f4 exf4 13.Bxf4 g5 14.Bd2 Nf6 15.Qc2 fxe4
16.Nxe4 Nxe4 17.Bxe4 Bf5 18.Nf2 Qd7 19.Bc3 Bxc3 20.Qxc3 Ng6 21.Bxf5 Rxf5
22.Nd3 Raf8 23.Qd4 Qf7 24.Rxf5 Qxf5 25.Re1 b6 26.Qe3 Rf7 27.Qe4 Qf6 28.Qe3 Kg7
29.b3 a5 30.Kg2 h5 31.Nf2 g4 32.Ne4 Qf3+ 33.Qxf3 gxf3+ 34.Kf1 Ne5 35.Ng5 Rf6
36.h3 Kh6 37.Ne4 Rf8 38.Re3 Kg6 39.Kf2 a4 40.Nd2 axb3 41.axb3 b5 42.cxb5 Rb8
43.Nxf3 Nxf3 44.Rxf3 Rxb5 45.Rc3 Rxd5 46.Rxc7 Rd3 47.b4 h4 48.gxh4 Rxh3 49.Rc4 Kf5
50.b5 Rb3  1/2-1/2

[Event "CZE-chT 9697"]
[Site "CZE"]
[Date "1997.??.??"]
[Round "8"]
[White "Konopka, Michal"]
[Black "Salai, Ladislav"]
[Result "1/2-1/2"]
[WhiteElo "2415"]
[BlackElo "2460"]

1.d4 Nf6 2.Nf3 g6 3.g3 Bg7 4.Bg2 O-O 5.c4 d6 6.O-O c5 7.dxc5 dxc5 8.Nc3 Nc6
9.Be3 Be6 10.Qa4 Nd4 11.Rad1 Bd7 12.Qa3 Nc2 13.Qxc5 b6 14.Qg5 h6 15.Qh4 Nxe3
16.fxe3 g5 17.Qd4 Bc6 18.Qxd8 Raxd8 19.Ne5 Bxg2 20.Kxg2 Rc8 21.b3 Rc5 22.Nd3 Ng4
23.Nxc5 Nxe3+ 24.Kf2 Nxd1+ 25.Rxd1 Bxc3 26.Na6 f5 27.Rd7 e5 28.Rxa7 f4 29.Nc7 e4
30.gxf4 gxf4 31.Ra8 Bd4+ 32.Kf1 Rxa8 33.Nxa8 Kf7 34.Nc7 Kf6 35.Nd5+ Ke5 36.e3 fxe3
37.Ke2 Bc5 38.Nxe3 h5 39.a4 h4 40.h3 Kf4 41.Nd5+ Kg3 42.b4 Bd4 43.Nxb6 Kxh3
44.c5 Kg3 45.Nc4 h3 46.Nd2 Kf4 47.Nf1 Ke5 48.a5 Kd5 49.a6 Kc6 50.b5+ Kc7
51.c6 Kb6 52.Nh2 Be5 53.Ng4 h2 54.Nxh2 Bxh2 55.Ke3 Bb8  1/2-1/2

[Event "CZE-chT 9697"]
[Site "CZE"]
[Date "1997.??.??"]
[Round "9"]
[White "Beil, Zdenek"]
[Black "Jirovsky, Pavel"]
[Result "0-1"]
[WhiteElo "2325"]
[BlackElo "2360"]

1.d4 Nf6 2.c4 g6 3.Nf3 Bg7 4.g3 O-O 5.Bg2 d6 6.O-O Nbd7 7.Nc3 e5 8.e4 exd4
9.Nxd4 Re8 10.h3 Nc5 11.Re1 a5 12.Qc2 a4 13.Be3 c6 14.Rad1 Qa5 15.f3 Nfd7
16.Bf1 a3 17.b3 Na6 18.Nde2 Ne5 19.Kf2 Nb4 20.Qb1 f5 21.Rxd6 fxe4 22.Nxe4 Nxf3
23.Kxf3 Bf5 24.Bb6 Qxb6 25.Nf4 Re5 26.c5 Bxe4+ 27.Rxe4 Qxc5 28.Bc4+ Kh8 29.Rxg6 Rae8
30.Re6 R5xe6 31.Nxe6 Qf5+ 32.Kg2 b5 33.Bd3 Rxe6 34.Rxb4 Re2+  0-1

[Event "CZE-chT 9697"]
[Site "CZE"]
[Date "1997.??.??"]
[Round "10"]
[White "Sergeev, Vladimir"]
[Black "Folk, Petr"]
[Result "1/2-1/2"]
[WhiteElo "2460"]
[BlackElo "2250"]

1.Nf3 Nf6 2.g3 g6 3.Bg2 Bg7 4.d4 O-O 5.c4 d6 6.Nc3 Nc6 7.O-O a6 8.h3 e5 9.d5 Ne7
10.c5 Ne8 11.cxd6 Nxd6 12.e4 c6 13.Re1 Re8 14.g4 h6 15.Qb3 Bd7 16.Be3 cxd5
17.Bb6 Qb8 18.Nxd5 Nxd5 19.exd5 Nb5 20.Rac1 Qd6 21.Bc5 Qf6 22.Nd2 h5 23.Ne4 Qh4
24.gxh5 Qxh5 25.Nd6 Nxd6 26.Bxd6 Rac8  1/2-1/2

[Event "Decin op"]
[Site "Decin"]
[Date "1997.??.??"]
[Round "3"]
[White "Verdihanov, Vladislav"]
[Black "Krapivin, Vladislav"]
[Result "1/2-1/2"]
[WhiteElo "2405"]
[BlackElo "2300"]

1.d4 Nf6 2.Nf3 g6 3.c4 Bg7 4.g3 O-O 5.Bg2 d6 6.O-O c6 7.Nc3 Qa5 8.h3 Be6
9.d5 cxd5 10.Nd4 Bd7 11.cxd5 Rc8 12.Be3 Qb4 13.Qd2 Na6 14.a3 Qc4 15.Rfc1 Nc5
16.Qd1 Qa6 17.a4 Qa5 18.Bd2 Qd8 19.Be1 a5 20.e3 Qb6 21.b3 Na6 22.Na2 Nc5
23.Rab1 h5 24.Rc4 Qd8 25.Rbc1 Be8 26.Nc3 Nfd7 27.Ncb5 Nb6 28.R4c2 Bd7 29.f4 Be8
30.g4 hxg4 31.hxg4 Nbd7 32.Bf3 Nb8 33.Rh2 Nba6 34.g5 Nc7 35.Na3 N7a6 36.Nc4 Nb4
37.Bxb4 axb4 38.a5 Na6 39.Bg4 Rc5 40.Nb6 Ra7 41.Rhc2 Rxc2 42.Qxc2 Nc5 43.Nc4 Ra8
44.Nf3 Bb5 45.f5 Bxc4 46.Qxc4 Rxa5 47.fxg6 fxg6 48.Nh4 Ra1 49.Rxa1 Bxa1 50.Nxg6 Qe8
51.Nh4 Bc3 52.Be6+ Nxe6 53.dxe6 Qh5 54.Qf4 Be5 55.Qf5 Qxh4 56.Qf7+ Kh8 57.Qf8+ Kh7
58.Qxe7+ Kh8 59.Qe8+ Kh7 60.Qf7+ Bg7 61.e7 Qe1+ 62.Kg2 Qe2+ 63.Kh1 Qe1+ 64.Kg2  1/2-1/2

[Event "Decin op"]
[Site "Decin"]
[Date "1997.??.??"]
[Round "5"]
[White "Verdihanov, Vladislav"]
[Black "Pletanek, Jan"]
[Result "1-0"]
[WhiteElo "2405"]
[BlackElo "2275"]

1.d4 Nf6 2.Nf3 g6 3.c4 Bg7 4.g3 O-O 5.Bg2 d6 6.O-O Nbd7 7.Nc3 e5 8.h3 c6
9.e4 Re8 10.b3 exd4 11.Nxd4 Nc5 12.Re1 Qc7 13.Rb1 Ne6 14.Nde2 Bd7 15.Be3 Rad8
16.Qc2 Bc8 17.Rbd1 Qa5 18.a3 h5 19.f4 Nf8 20.Bf2 h4 21.g4 Bxg4 22.hxg4 Nxg4
23.b4 Qh5 24.Rd3 Nxf2 25.Kxf2 g5 26.fxg5 Ne6 27.Bf3 Qg6 28.Rh1 Nxg5 29.Rxh4 f5
30.Bh5 Qf6 31.exf5 Qxf5+ 32.Rf4 Nh3+ 33.Rxh3 Qxh3 34.Bf7+ Kh8 35.Bxe8 Rxe8
36.Ne4 d5 37.N4g3 Be5 38.Qf5 Qh2+ 39.Kf3 Bxf4 40.Qf6+ Kg8 41.Qg6+ Kf8 42.Qf6+ Kg8
43.Qg6+ Kf8 44.Nxf4 Qb2 45.cxd5 cxd5 46.Qd6+ Kf7 47.Qxd5+ Kf8 48.Qd6+ Kf7
49.Ne4 Qxa3+ 50.Kg4 Qa6 51.Qd7+  1-0

[Event "Dhaka"]
[Site "Dhaka"]
[Date "1997.??.??"]
[Round "9"]
[White "Lovlu, Saifuddi"]
[Black "Thipsay, Praveen Mahadeo"]
[Result "0-1"]
[WhiteElo "2280"]
[BlackElo "2460"]

1.Nf3 g6 2.c4 Bg7 3.d4 Nf6 4.g3 O-O 5.Bg2 d6 6.O-O Nbd7 7.b3 e5 8.dxe5 dxe5
9.Bb2 e4 10.Ng5 Qe7 11.Nc3 e3 12.f3 Rd8 13.Qc2 Nc5 14.Rad1 Bf5 15.Qc1 h6
16.Nge4 Bxe4 17.fxe4 c6 18.Qxe3 Ng4 19.Qf4 h5 20.h3 Ne6 21.Qf3 Ng5 22.Qf4 Ne6
23.Qf3 Nd4 24.Qd3 Nf5 25.Qf3 Qc5+ 26.Kh1 Ne5 27.Qf2 Qxf2 28.Rxf2 Nxg3+ 29.Kh2 h4
30.Rg1 Rd2 31.Bc1 Rc2 32.Bg5 Rxc3 33.Bxh4 Nh5 34.Rd1 Bh6 35.Bf3 Nxf3+ 36.exf3 Bf4+
37.Kg2 g5  0-1

[Event "Dieren op"]
[Site "Dieren"]
[Date "1997.??.??"]
[Round "8"]
[White "Vakhidov, Tahir"]
[Black "Van der Weide, Karel"]
[Result "1-0"]
[WhiteElo "2485"]
[BlackElo "2375"]

1.d4 Nf6 2.Nf3 g6 3.g3 Bg7 4.Bg2 O-O 5.c4 d6 6.O-O Nbd7 7.Nc3 e5 8.e4 c6
9.h3 Re8 10.Re1 a5 11.Rb1 exd4 12.Nxd4 Nc5 13.b3 Nfd7 14.Be3 Ne5 15.Qc2 a4
16.Red1 axb3 17.axb3 Qe7 18.f4 Ned7 19.Bf2 Nf6 20.Re1 Nh5 21.b4 Ne6 22.Nde2 f5
23.exf5 gxf5 24.b5 Bd7 25.Na4 Nc5 26.bxc6 bxc6 27.Nec3 Qf7 28.Nxc5 dxc5 29.Na4 Bd4
30.Nxc5 Bxc5 31.Bxc5 Nxg3 32.Kh2 Qg7 33.Bf3 h5 34.h4 Ne4 35.Rg1 Nxc5 36.Rxg7+ Kxg7
37.Rg1+ Kf8 38.Qc3 Ra2+ 39.Kh1 Re6 40.Qb4  1-0

[Event "GER-ch U20 qual"]
[Site "Dortmund"]
[Date "1997.??.??"]
[Round "?"]
[White "Schulz, J."]
[Black "De Gleria, Francesco"]
[Result "0-1"]
[WhiteElo "2150"]
[BlackElo "2235"]

1.d4 Nf6 2.c4 g6 3.Nf3 Bg7 4.g3 O-O 5.Bg2 d6 6.Nc3 Nbd7 7.O-O e5 8.h3 c6
9.e4 Qb6 10.b3 exd4 11.Na4 Qc7 12.Nxd4 Re8 13.Re1 a6 14.Nc3 Rb8 15.Bb2 c5
16.Nc2 b5 17.Ne3 b4 18.Ncd5 Qd8 19.Nxf6+ Nxf6 20.Nd5 Nxd5 21.Bxg7 Kxg7 22.Qxd5 Bb7
23.Qd2 Re6 24.Rad1 Qe7 25.f3 g5 26.Qb2+ Kg8 27.Qd2 Re8 28.Kf2 Qf6 29.Kg1 Qg7
30.Qf2 h5 31.g4 hxg4 32.fxg4 Bxe4 33.Bxe4 Rxe4 34.Rxe4 Rxe4 35.Rxd6 Qe5 36.Rd2 Re1+
37.Kg2 Qe4+ 38.Kg3 Re3+ 39.Kh2 Rf3 40.Qe2 Qf4+ 41.Kg1 Rg3+ 42.Kh1 Rxh3+ 43.Kg1 Qg3+  0-1

[Event "Dresden (Women)"]
[Site "Dresden"]
[Date "1997.??.??"]
[Round "5"]
[White "Litinskaya, Marta I"]
[Black "Heymann, Ulrike"]
[Result "1/2-1/2"]
[WhiteElo "2335"]
[BlackElo "2125"]

1.d4 g6 2.Nf3 Bg7 3.c4 d6 4.g3 Nf6 5.Bg2 O-O 6.O-O Nc6 7.Nc3 Bf5 8.Ne1 Qd7
9.e4 Bh3 10.Nc2 e5 11.d5 Ne7 12.Ne1 Bxg2 13.Kxg2 Ne8 14.Nd3 f5 15.f3 Nf6
16.Bd2 c6 17.Qe2 Rf7 18.Rad1 cxd5 19.cxd5 h5 20.Nf2 Raf8 21.Qb5 Qd8 22.Nh3 Nh7
23.Qxb7 f4 24.Qa6 g5 25.Rc1 Bh6 26.g4 hxg4 27.fxg4 Qd7 28.Nf2 Rb8 29.Na4 Nf6
30.h3 Ng6 31.Kf3 Bf8 32.b3 Qe8 33.Qc6 Qd8 34.Rc4 Ne8 35.Rfc1 Nf6 36.Qa6 Rh7
37.R1c3 Qe8 38.Rc8 Rxc8 39.Qxc8 Qe7 40.Rc6 Nxd5 41.Ba5 Nh4+ 42.Ke2 f3+ 43.Kd1 Qf7
44.Rxd6 Ne3+ 45.Kc1 Nf1 46.Kb1 Qf4 47.Rd8 Rf7 48.Qc4 Ng3 49.Bd2 Qf6 50.Rd7 Be7
51.Rxa7 Ng6 52.Ra6 Qg7 53.Nb6 Nf4 54.Nc8 Kh7 55.Ra7 Kg6 56.Qc6+ Qf6 57.Nxe7+ Rxe7
58.Qxf6+ Kxf6 59.Rxe7 Kxe7 60.Kc2 Ne6 61.Kd3 Nc5+ 62.Ke3 Nf1+ 63.Kxf3 Nxd2+
64.Ke3 Nb1 65.b4 Ne6 66.Kd3 Na3 67.Kc3 Nd4 68.Kb2 Nc4+ 69.Kc3 Nb6  1/2-1/2

[Event "Caledonian Masters"]
[Site "Edinburgh"]
[Date "1997.??.??"]
[Round "4"]
[White "Campbell, Eoin"]
[Black "Bennett, William"]
[Result "1/2-1/2"]
[WhiteElo "2050"]
[BlackElo "2185"]

1.Nf3 d6 2.d4 Nf6 3.c4 g6 4.g3 Bg7 5.Bg2 O-O 6.O-O a6 7.h3 Nbd7 8.Na3 e5
9.e4 exd4 10.Nxd4 Re8 11.Be3 Nb6 12.b3 Be6  1/2-1/2

[Event "Caledonian Masters"]
[Site "Edinburgh"]
[Date "1997.??.??"]
[Round "7"]
[White "Arkell, Keith C"]
[Black "Gormally, Daniel"]
[Result "1/2-1/2"]
[WhiteElo "2480"]
[BlackElo "2425"]

1.d4 Nf6 2.Nf3 g6 3.c4 Bg7 4.g3 O-O 5.Bg2 d6 6.O-O c5 7.Nc3 Nc6 8.dxc5 dxc5
9.Bf4 Qa5 10.Qa4 Nd7 11.Qc2 Nb6 12.Nd5 Nxd5 13.cxd5 Nd4 14.Nxd4 cxd4 15.Qe4 Re8
16.Be5 Bxe5 17.Qxe5 Qb6 18.b3 Bg4 19.Rfd1 Rac8 20.h3 f6 21.Qe4 Bf5 22.Qxd4 Qxd4
23.Rxd4 Rc2 24.e4 Bd7 25.Rc4 Rc8 26.Rxc8+ Bxc8 27.Bf1 Kf8 28.Kg2 e5 29.Bd3 Rc3
30.Rd1 Ke7 31.h4 Kd6 32.f3 a5 33.Kf2 Bd7 34.Ke2 b5 35.Kd2 b4 36.f4 exf4 37.gxf4 f5
38.Re1 fxe4 39.Bxe4 Rh3 40.Rh1 Rxh1 41.Bxh1 Bf5 42.Bf3 Bb1 43.Kc1 Bf5 44.Kd2 Bb1
45.Kc1  1/2-1/2

[Event "RUS-Cup5"]
[Site "Ekaterinburg"]
[Date "1997.??.??"]
[Round "2"]
[White "Vaulin, Alexander"]
[Black "Sergeev, Nickolay"]
[Result "1-0"]
[WhiteElo "2490"]
[BlackElo "2330"]

1.c4 Nf6 2.g3 g6 3.Bg2 Bg7 4.d4 d6 5.Nf3 O-O 6.O-O Nbd7 7.Nc3 e5 8.e4 exd4
9.Nxd4 Nc5 10.h3 h6 11.Be3 Re8 12.Qc2 Ne6 13.Rad1 Ng5 14.Bxg5 hxg5 15.c5 g4
16.h4 a6 17.cxd6 cxd6 18.Rd2 Qe7 19.Rfd1 Rb8 20.Qb3 Bd7 21.Qb6 Qe5 22.Nb3 Bc6
23.Rxd6 Nxe4 24.Bxe4 Bxe4 25.Nxe4 Qxe4 26.Nc5 Qc2 27.R6d2 Re1+ 28.Kg2 Qxd1
29.Rxd1 Rxd1 30.Ne4 Rc8 31.Qxb7 Rcc1 32.Qa8+ Bf8 33.Nf6+ Kg7 34.Nxg4 Bc5
35.Qxa6 Bd4 36.h5 gxh5 37.Qh6+ Kg8 38.Qxh5 Bg7 39.Ne3 Rg1+ 40.Kf3 Bxb2 41.Qg4+ Kh8
42.Qf4 Kg7 43.Nf5+ Kg6 44.Kg4 Rh1 45.Nd6 f6 46.Qe4+ f5+ 47.Qxf5+ Kh6 48.Qe6+ Kh7
49.Qe4+ Kh6 50.Nf5+ Kg6 51.Qe6+ Kh7 52.Qf7+ Kh8 53.Ne7  1-0